|
|
|
|
| LEADER |
02355nam a2200529 a 4500 |
| 001 |
mzk03001197786 |
| 003 |
CZ BrMZK |
| 005 |
20140326151354.0 |
| 007 |
ta |
| 008 |
140317s1549 sz fr|||||00| ||lat|d |
| 040 |
|
|
|a BOA001
|b cze
|
| 072 |
|
7 |
|a 094
|x Staré tisky
|2 Konspekt
|9 12
|
| 080 |
|
|
|a (=512.161)
|2 MRF
|
| 080 |
|
|
|a 656.881.1
|2 MRF
|
| 080 |
|
|
|a 025.171
|2 MRF
|
| 080 |
|
|
|a (0.068)094
|2 MRF
|
| 100 |
1 |
|
|a Symmachus, Quintus Aurelius,
|d ca 340-ca 402
|7 jn19981002180
|4 aut
|
| 245 |
1 |
0 |
|a EPISTOLARVM SYMMACHI V. C. PRAEFECTI VRBI libri duo. D. Ambrosii epistolae in Symmachum II. Epistolarum Magni Turci ad uarias gentes liber unus, à Laudino Equite Hierosolymitano latine redditus
|
| 246 |
3 |
|
|a EPISTOLARUM SYMMACHI V. C. PRAEFECTI URBI libri duo
|
| 246 |
3 |
|
|a Epistolarum Magni Turci ad varias gentes liber unus, à Laudino equite Hierosolymitano latine redditus
|
| 260 |
|
|
|a BASILEAE :
|b FROBEN CALEND. SEPTEMB.,
|c 1549
|
| 300 |
|
|
|a [8], 263, [1] s. ;
|c 4°
|
| 500 |
|
|
|a Výzdoba: Signety
|
| 501 |
|
|
|a Obsahuje: Přívazek FRAN. BALDVINI IVRISCONS. CONSTANTINVS MAGNVS ... / François Baudouin
|
| 561 |
|
|
|a Provenience: [m.p.] ... Koschinsky
|
| 563 |
|
|
|a Pergamenová obálka, chybějící kožené řemínky
|
| 590 |
|
|
|a Dolní část titulního listu je odstřižená
|
| 650 |
|
7 |
|a Turci
|x dějiny
|7 ph118152
|2 czenas
|
| 650 |
|
7 |
|a historické knihovní fondy
|7 ph172933
|2 czenas
|
| 655 |
|
7 |
|a staré tisky
|7 fd422076
|2 czenas
|
| 700 |
1 |
|
|a Hrubý z Jelení, Zikmund,
|d 1497-1554
|7 jk01042995
|4 oth
|
| 700 |
1 |
|
|a Lypsius, Martinus
|4 oth
|
| 700 |
1 |
|
|a Harst, Karl,
|d 1492-1563
|4 oth
|
| 700 |
1 |
|
|a Zacchia, Laudivio,
|d činný 1473
|7 ola2003204950
|4 com
|
| 856 |
4 |
1 |
|u https://imageserver.mzk.cz/mzk03/001/197/786/328100212249.titul.jp2
|y Titulní list
|
| 856 |
4 |
1 |
|u https://imageserver.mzk.cz/mzk03/001/197/786/328100212249.titul1.jp2
|y Titulní list 1. přívazku
|
| 903 |
|
|
|a RP
|
| 910 |
|
|
|e BOE950
|c R - P. I. d. 3
|
| 978 |
|
|
|b Froben - dílna
|a Basel
|c 1549
|
| 981 |
1 |
|
|a Koschinsky de Koschin, Gregorio Ignatio
|d 17. stol.
|
| 984 |
|
|
|a Basilej
|b Švýcarsko
|
| 985 |
|
|
|a 1501-1550
|
| 990 |
|
|
|a BK
|
| 996 |
|
|
|e BOE950
|c R - P. I. d. 3
|
| 980 |
|
|
|c 212249
|g R - P. I. d. 3
|1 328100212249
|p N. 7490
|
| 991 |
|
|
|k rajhrad
|
| 994 |
|
|
|a DN
|l MZK03
|b 001197787
|m záznam 1. díla (pro objednání pokračujte kliknutím)
|n přívazek
|